Statistiques concernant Focus sur: Irma Crabbe - Harry Potter

Cliquez ici pour prendre le quiz!

Statistiques générales

  • Ce quiz a été pris 18 fois
  • Le résultat moyen est 2 sur 6

Statistiques - réponses

Informations recherchéesRéponses% Correct
Statut du sangSang-Pur
100%
Première mentionHarry Potter et l'Ordre du Phénix
59%
FilsAlphard Black
18%
FilsCygnus Black
18%
FilleWalburga Black
18%
EpouxPollux Black
12%

Distribution des résultats

Percentile par nombre de réponses

% des personnes avec chaque résultat

Votre développement - résultats

Vous n’avez pas pris ce quiz